| 000 | 00814nam a2200241Ia 4500 | ||
|---|---|---|---|
| 003 | OSt | ||
| 005 | 20221005103537.0 | ||
| 006 | a|||||r|||| 00| 0 | ||
| 007 | ta | ||
| 008 | 221004b |||||||| |||| 00| 0 hin d | ||
| 024 | _a29495 | ||
| 037 | _cTextual | ||
| 040 |
_aCRL _cCRL _bhin |
||
| 041 |
_2hin _ahin |
||
| 082 | _aW,8, N6 | ||
| 100 | _aचतुर्वेदी, त्रिलोकीनाथ | ||
| 245 | 0 | _aतुलनात्मक लोक प्रशासन | |
| 246 | _aTulanātmak lok prashāsana | ||
| 260 |
_aजयपुर _bरिसर्च पब्लिकेशन्स भारत _c1976 |
||
| 300 |
_a351पृ. _ccm. |
||
| 942 |
_hW,8, N6 _cTEXL _2cc |
||
| 999 |
_c1010260 _d1010260 |
||